000 00354 a2200157 4500
001 145562
040 _cLeonardo Da Vinci
082 _aJ B794d
_bB794d
100 _aBRAZ, Júlio Emílio
245 _aDesprezados
260 _bSaraiva
_c2005
_aSão Paulo
300 _a79
362 _a20050000
697 _aLiteratura infanto-juvenil
942 _cBK
999 _c145562
_d145562